[Event "ch-FRA Blitz Online Qual"]
[Site "Europe-Chess INT"]
[Date "2020.05.16"]
[Round "9"]
[White "Brunner, Nicolas"]
[Black "Blachon, Pascal"]
[Result "1-0"]
[WhiteTitle "IM"]
[WhiteElo "2428"]
[BlackElo "1955"]
[WhiteFideId "620246"]
[BlackFideId "636320"]
[EventDate "2020.05.16"]

1. d4 Nf6 2. c4 c5 3. d5 e6 4. Nc3 exd5 5. cxd5 Bd6 6. g3 O-O 7. Bg2 Re8 8. Nh3
a6 9. a4 Bf8 10. O-O d6 11. Nf4 Bf5 12. f3 Nbd7 13. e4 Bg6 14. g4 h5 15. g5 Nh7
16. h4 Ne5 17. Qe1 f6 18. Nxg6 Nxg6 19. Qg3 fxg5 20. hxg5 Be7 21. f4 Ngf8 22.
Bh3 g6 23. Kh1 Kh8 24. Rg1 Nd7 25. f5 Ne5 26. f6 Bf8 27. Bf4 Nf7 28. Be6 Qc7 29.
Rae1 Rab8 30. Nd1 Nd8 31. Bh3 Nf7 32. Bg2 b5 33. axb5 axb5 34. Bf3 Ne5 35. Bg2
c4 36. Nf2 Ra8 37. Ra1 Qb7 38. Bh3 Rxa1 39. Rxa1 Ra8 40. Rxa8 Qxa8 41. Bxe5 dxe5
42. Qxe5 Qa1+ 43. Kg2 Qc1 44. d6 Nxg5 45. d7 Nf7 46. Qe8 Qg5+ 47. Kh2 Qf4+ 48.
Kg1 Qc1+ 49. Bf1 Qg5+ 50. Kh1 Qh4+ 51. Bh3 Qxf2 52. Qxf8+ Kh7 53. Qg7# 1-0

[Event "ch-FRA Blitz Online Qual"]
[Site "Europe-Chess INT"]
[Date "2020.05.16"]
[Round "9"]
[White "Calistri, Tristan"]
[Black "Haberthur, Maxime"]
[Result "1-0"]
[WhiteTitle "IM"]
[WhiteElo "2288"]
[BlackElo "1941"]
[WhiteFideId "607843"]
[BlackFideId "36097551"]
[EventDate "2020.05.16"]

1. e4 c6 2. d4 d5 3. e5 Bf5 4. h4 h5 5. c4 e6 6. Nc3 Ne7 7. Nge2 dxc4 8. Bg5 Qb6
9. Ng3 Bg6 10. Bxc4 Qxb2 11. Rc1 Nd5 12. Nxd5 cxd5 13. Bxd5 Nd7 14. Be4 Bb4+ 15.
Kf1 O-O 16. Rb1 Qa3 17. Rb3 Qa6+ 18. Kg1 Qa5 19. Qb1 Bxe4 20. Nxe4 Ba3 21. Rhh3 1-0

[Event "ch-FRA Blitz Online Qual"]
[Site "Europe-Chess INT"]
[Date "2020.05.16"]
[Round "9"]
[White "Partac, Elena"]
[Black "Guadalpi, David"]
[Result "1/2-1/2"]
[WhiteTitle "WGM"]
[BlackTitle "FM"]
[WhiteElo "2079"]
[BlackElo "2272"]
[WhiteFideId "13901001"]
[BlackFideId "603244"]
[EventDate "2020.05.16"]

1. e4 d6 2. d4 Nf6 3. Nc3 e5 4. Nge2 c6 5. h3 b5 6. a3 Nbd7 7. g3 Bb7 8. Bg2 a5
9. Bg5 b4 10. axb4 axb4 11. Na4 Be7 12. O-O O-O 13. c3 c5 14. Bxf6 Nxf6 15. d5
Ba6 16. Re1 Bb5 17. b3 bxc3 18. Nexc3 Bd7 19. Qd2 Qc7 20. Nb2 Rfb8 21. Qc2 Qb7
22. Rxa8 Rxa8 23. Nc4 Ne8 24. f4 exf4 25. gxf4 Rb8 26. e5 Qxb3 27. Qxb3 Rxb3 28.
Ne4 dxe5 29. fxe5 Bb5 30. Ncd6 Bd7 31. Nxe8 Bxe8 32. d6 Bh4 33. Ra1 Rb8 34. Nxc5
Bg5 35. d7 Be3+ 36. Kf1 Bxc5 37. Rd1 Bxd7 38. Rxd7 Rf8 39. Bd5 Be3 40. Ke2 Bf4
41. e6 fxe6 42. Bxe6+ Kh8 43. Rf7 Re8 44. Rxf4 Rxe6+ 45. Kf3 Rf6 46. Kg4 Rxf4+
47. Kxf4 Kg8 48. Kf5 Kf7 49. Kg5 h6+ 50. Kf5 g6+ 51. Kf4 Kf6 52. h4 Ke6 53. Ke4
Kf6 54. Kf4 Ke6 55. Ke4 Kd6 56. Kd4 Ke6 57. Ke4 1/2-1/2

[Event "ch-FRA Blitz Online Qual"]
[Site "Europe-Chess INT"]
[Date "2020.05.16"]
[Round "9"]
[White "Lavanant, Alexandre"]
[Black "Materia, Marco"]
[Result "0-1"]
[BlackTitle "FM"]
[WhiteElo "1937"]
[BlackElo "2269"]
[WhiteFideId "654949"]
[BlackFideId "45150451"]
[EventDate "2020.05.16"]

1. e4 c5 2. Nf3 e6 3. d4 cxd4 4. Nxd4 Nc6 5. Nc3 Qc7 6. Nxc6 bxc6 7. Bd3 Nf6 8.
O-O Be7 9. Re1 d5 10. e5 Nd7 11. Qg4 g6 12. Qg3 a5 13. f4 Ba6 14. Qf2 Nc5 15.
Bxa6 Nxa6 16. Kh1 Rb8 17. g4 c5 18. f5 Qc6 19. fxe6 Qxe6 20. Qf3 d4 21. Ne4 O-O
22. Bf4 Rxb2 23. Rac1 Nb4 24. Qh3 Rxc2 25. Ng5 Bxg5 26. Rxc2 Bxf4 27. Rxc5 d3
28. Qf3 d2 29. Rd1 Bh6 30. Rxa5 Rc8 31. Ra8 Rxa8 32. Qxa8+ Kg7 33. Qa5 Nd3 34.
Qb5 Nf2+ 35. Kg2 Nxd1 0-1

[Event "ch-FRA Blitz Online Qual"]
[Site "Europe-Chess INT"]
[Date "2020.05.16"]
[Round "9"]
[White "Razafindratsima, Timothe"]
[Black "Briand, Amaury"]
[Result "1-0"]
[WhiteTitle "FM"]
[WhiteElo "2336"]
[BlackElo "1929"]
[WhiteFideId "36069884"]
[BlackFideId "36054968"]
[EventDate "2020.05.16"]

1. e4 e5 2. Nf3 Nc6 3. Bb5 Nf6 4. d3 d6 5. c3 a6 6. Ba4 Be7 7. O-O O-O 8. Nbd2
b5 9. Bc2 d5 10. exd5 Qxd5 11. Re1 Bf5 12. Nf1 Rad8 13. Ne3 Qd7 14. Nxf5 Qxf5
15. d4 e4 16. Nd2 Qg6 17. Nxe4 Rfe8 18. Nxf6+ Qxf6 19. Be3 Bd6 20. Qh5 g6 21.
Qh3 Ne7 22. Qg4 Qg7 23. h4 Nd5 24. Bg5 f6 25. Bb3 c6 26. Bd2 a5 27. Qf3 Kh8 28.
Rxe8+ Rxe8 29. Bxd5 cxd5 30. Qxd5 Qd7 31. Qf3 b4 32. Qxf6+ Kg8 33. h5 Re6 34.
Qf3 Kg7 35. h6+ Kg8 36. g3 Qe7 37. Qd5 Kf8 38. Bg5 Qf7 39. c4 Kg8 40. Kg2 Bc7
41. c5 Bd6 42. cxd6 Qd7 43. Re1 1-0

[Event "ch-FRA Blitz Online Qual"]
[Site "Europe-Chess INT"]
[Date "2020.05.16"]
[Round "9"]
[White "Navrotescu, Andreea-Cristiana"]
[Black "Baudouin, Simon"]
[Result "1-0"]
[WhiteTitle "WIM"]
[WhiteElo "2284"]
[BlackElo "1926"]
[WhiteFideId "675946"]
[BlackFideId "36051284"]
[EventDate "2020.05.16"]

1. d4 Nf6 2. c4 g6 3. Nc3 d5 4. Bf4 Bg7 5. e3 O-O 6. Rc1 c5 7. dxc5 Qa5 8. cxd5
Qxc5 9. Nf3 Rd8 10. e4 Qb4 11. Qb3 Qa5 12. Nd2 Nbd7 13. Nc4 Qc5 14. Be3 Qc7 15.
Nb5 Qb8 16. Nd2 a6 17. Nc7 Ne5 18. Nxa8 Qxa8 19. Be2 e6 20. Bb6 Re8 21. d6 Bd7
22. O-O Bc6 23. f3 Bf8 24. Bc7 Qc8 25. Nc4 Nxc4 26. Bxc4 Qd7 27. Rfd1 e5 28. Qe3
Rc8 29. b4 Ne8 30. Bb6 Nxd6 31. Bb3 Qe8 32. Bc5 Nb5 33. Bxf8 Qxf8 34. Rc5 Qe7
35. a4 Nd4 36. Rdc1 Rd8 37. Bd1 Kg7 38. Qc3 f6 39. Qb2 Qd6 40. h3 h5 41. b5 axb5
42. axb5 Be8 43. Rc7+ Bf7 44. Bb3 Nxb3 45. Qxb3 Qd4+ 46. Kh2 Rd7 47. Rxd7 Qxd7
48. Qb4 b6 49. Qc3 h4 50. Qc7 Qd2 51. Qc3 Qf4+ 52. Kg1 g5 53. Rd1 Kg6 54. Rd7
Be6 55. Rd6 Bf7 56. Rxb6 g4 57. fxg4 Qxe4 58. Rc6 Kg5 59. Qc1+ Kg6 60. Qc2 Bd5
61. Qxe4+ Bxe4 62. Rc4 f5 63. gxf5+ Kxf5 64. b6 Kf4 65. b7 1-0

[Event "ch-FRA Blitz Online Qual"]
[Site "Europe-Chess INT"]
[Date "2020.05.16"]
[Round "9"]
[White "Khachatryan, Samvel S."]
[Black "Pucher, Sebastien"]
[Result "0-1"]
[BlackTitle "FM"]
[WhiteElo "2179"]
[BlackElo "2322"]
[WhiteFideId "13309048"]
[BlackFideId "627232"]
[EventDate "2020.05.16"]

1. Nf3 g6 2. e3 Bg7 3. c4 c5 4. Be2 Nf6 5. O-O O-O 6. Nc3 Nc6 7. b3 d5 8. cxd5
Nxd5 9. Bb2 b6 10. a3 Bb7 11. Qc2 Rc8 12. Nxd5 Qxd5 13. Bxg7 Kxg7 14. Bc4 Qd6
15. Qb2+ Qf6 16. Qxf6+ Kxf6 17. d4 cxd4 18. exd4 Na5 19. Rac1 Bxf3 20. gxf3 Rfd8
21. Rfd1 Rc7 22. Rc2 Rdc8 23. Rdc1 b5 24. Bd3 Rxc2 25. Rxc2 Rxc2 26. Bxc2 Nc6
27. d5 Nd4 28. Bd3 Nxf3+ 29. Kf1 Nd4 30. Bxb5 Nxb5 0-1

[Event "ch-FRA Blitz Online Qual"]
[Site "Europe-Chess INT"]
[Date "2020.05.16"]
[Round "9"]
[White "De Seroux, Camille"]
[Black "Macqueron, Gregory"]
[Result "0-1"]
[WhiteTitle "WIM"]
[WhiteElo "2137"]
[BlackElo "1927"]
[WhiteFideId "1305620"]
[BlackFideId "551004240"]
[EventDate "2020.05.16"]

1. e4 d6 2. d4 Nf6 3. Nc3 Nbd7 4. Nf3 e5 5. Bc4 Be7 6. O-O h6 7. Re1 c6 8. a4
Qc7 9. Ba2 g5 10. dxe5 dxe5 11. Nd2 Nf8 12. Nc4 Ng6 13. Ne3 Nf4 14. Nf5 Bxf5 15.
exf5 Rd8 16. Qf3 g4 17. Qe3 Nd7 18. Ne4 Bg5 19. Qb3 Nd5 20. Nxg5 hxg5 21. Bxg5
e4 22. Rxe4+ Kf8 23. g3 Rh5 24. Bxd8 Qxd8 25. Rae1 Qg5 26. Qxb7 Qxf5 27. Bxd5
cxd5 28. Re8+ Kg7 29. Qc8 Qh7 30. Qc3+ Nf6 31. h4 gxh3 32. Kh2 Kg6 33. R8e5 Ng4+
34. Kg1 h2+ 35. Kg2 Rxe5 36. Qd3+ f5 37. Rh1 Re4 38. Qa6+ Kh5 39. Qc8 Qg6 40.
Qh8+ Kg5 41. Qd8+ Kh5 42. Qh8+ Nh6 43. Qc3 Rg4 44. Rxh2+ Kg5 45. Qe3+ f4 46.
Qe5+ Nf5 47. Qc7 fxg3 48. Qd8+ Qf6 49. Qxf6+ Kxf6 50. fxg3 Rxg3+ 51. Kf2 Rg4 52.
Rh8 Rf4+ 53. Ke1 Rxa4 54. Rf8+ Ke5 55. Re8+ Kf4 56. Rh8 Re4+ 57. Kf2 Nd4 58. Rh7
a5 59. Rh4+ Ke5 60. Rh5+ Kd6 61. Rh6+ Kc5 62. Ra6 Kb5 63. Rd6 Kc5 64. Ra6 Nc6
65. c3 Kb5 66. Ra8 a4 67. Rb8+ Kc4 68. Ra8 Kb3 69. Ra6 Ne5 70. Rb6+ Kc2 71. Kg3
Nc4 72. Ra6 Nxb2 73. Rd6 Re5 74. Rc6 Nc4 75. Rc8 a3 76. Ra8 Kxc3 77. Ra4 Kb3 78.
Ra8 a2 79. Kf3 Na3 80. Rb8+ Kc2 0-1

[Event "ch-FRA Blitz Online Qual"]
[Site "Europe-Chess INT"]
[Date "2020.05.16"]
[Round "9"]
[White "Cleran, Anthony"]
[Black "Derige Kane, Yan"]
[Result "0-1"]
[WhiteElo "1933"]
[BlackElo "2236"]
[WhiteFideId "626066"]
[BlackFideId "20665431"]
[EventDate "2020.05.16"]

1. e4 c5 2. Nc3 d6 3. f4 Nc6 4. Nf3 g6 5. Bb5 Bd7 6. O-O Bg7 7. d3 Nf6 8. Bxc6
Bxc6 9. Qe1 O-O 10. Bd2 b5 11. Qh4 e6 12. f5 Nd7 13. Bg5 f6 14. Bh6 g5 15. Qh3
exf5 16. exf5 Ne5 17. Nxe5 dxe5 18. Bxg7 Kxg7 19. Ne4 Bxe4 20. dxe4 Qd4+ 21. Kh1
Qxe4 22. Qb3 Qc6 23. a4 a6 24. a5 Rad8 25. Rad1 Rd4 26. c3 Rdd8 27. Kg1 h5 28.
Kf2 c4 29. Qb4 Qc7 30. Ke2 Qb7 31. Kf2 Qa7+ 32. Ke2 Rfe8 33. b3 cxb3 34. Qxb3
Qf7 35. Qb4 Qc4+ 36. Qxc4 bxc4 37. Rb1 Rd5 38. Rb7+ Kh6 39. Ra1 g4 40. Rb6 Kg5
41. Rxa6 Red8 42. Ra2 Kxf5 43. Rc6 Ra8 44. a6 Rb5 45. a7 Rb7 46. Rca6 Kg5 47.
Ke3 f5 48. R6a5 Re7 49. g3 Rd7 50. R2a4 Rd3+ 51. Ke2 Rxc3 52. Rxe5 Rc2+ 53. Kd1
Rxh2 54. Rxc4 Rh1+ 55. Ke2 Rxa7 56. Rcc5 Ra2+ 57. Kd3 Rd1+ 58. Kc4 Rc1+ 59. Kd5
Rxc5+ 60. Kxc5 Ra5+ 61. Kd6 Rxe5 62. Kxe5 h4 63. gxh4+ Kxh4 64. Kxf5 g3 65. Kf4
g2 66. Kf3 g1=Q 0-1

[Event "ch-FRA Blitz Online Qual"]
[Site "Europe-Chess INT"]
[Date "2020.05.16"]
[Round "9"]
[White "Robert, Yoann"]
[Black "Luminais, Eric"]
[Result "0-1"]
[WhiteElo "2071"]
[BlackElo "2161"]
[WhiteFideId "36018805"]
[BlackFideId "610372"]
[EventDate "2020.05.16"]

1. d4 d5 2. Nf3 e6 3. c4 Nf6 4. Bg5 b6 5. Nc3 Bb7 6. cxd5 exd5 7. e3 Be7 8. Bd3
Nbd7 9. O-O O-O 10. Rc1 a6 11. Bb1 c5 12. Ne5 g6 13. Bh6 Re8 14. f4 b5 15. f5 b4
16. fxg6 fxg6 17. Na4 c4 18. Qc2 Nxe5 19. dxe5 Ng4 20. Bf4 Bf8 21. Qe2 Nxe5 22.
Rfd1 Qa5 23. b3 Bg7 24. h4 h6 25. Rf1 Qb5 26. Bxe5 Rxe5 27. Qg4 g5 28. hxg5 Rxg5
29. Qe6+ Kh8 30. Rf5 Re8 31. Qf7 d4 32. Rxg5 Qxg5 33. e4 Rf8 34. Qf1 Qe3+ 35.
Kh1 Bxe4 36. Bxe4 Qxe4 37. Rb1 Rxf1+ 38. Rxf1 c3 0-1

[Event "ch-FRA Blitz Online Qual"]
[Site "Europe-Chess INT"]
[Date "2020.05.16"]
[Round "9"]
[White "Koelsch, Gilbert"]
[Black "Breuil, Tristan"]
[Result "0-1"]
[WhiteTitle "CM"]
[WhiteElo "2159"]
[BlackElo "1898"]
[WhiteFideId "612243"]
[BlackFideId "45163685"]
[EventDate "2020.05.16"]

1. e4 Nf6 2. e5 Nd5 3. Nc3 Nxc3 4. dxc3 d6 5. Bc4 g6 6. Qf3 e6 7. Bf4 Bg7 8.
exd6 cxd6 9. Bb5+ Kf8 10. Ne2 a6 11. Ba4 f6 12. O-O-O d5 13. h4 b5 14. Bb3 Bb7
15. h5 Ke7 16. h6 Bf8 17. Rhe1 Kf7 18. Nd4 Bc8 19. Bxb8 Rxb8 20. Nc6 Qc7 21.
Nxb8 Qxb8 22. g4 Bxh6+ 23. Kb1 Qf4 24. Qg2 Bg5 25. Rd4 Qc7 26. Qf1 h5 27. f4 Bh6
28. f5 gxf5 29. gxf5 Rd8 30. fxe6+ Bxe6 31. Qf2 Bg5 32. Rf1 Qe5 33. Rdd1 a5 34.
Rde1 Qd6 35. Qa7+ Rd7 36. Qxa5 Bf4 37. Qb4 Qxb4 38. cxb4 Bd2 39. Re2 Bxb4 40.
Rh1 Bg4 41. Rg2 Bf3 42. Rgh2 Bxh1 43. Rxh1 Kg6 44. Rg1+ Kh6 45. c3 Bc5 46. Bc2
Bxg1 47. Bd3 Rb7 48. Kc2 h4 49. Kd1 h3 50. Ke1 h2 0-1

[Event "ch-FRA Blitz Online Qual"]
[Site "Europe-Chess INT"]
[Date "2020.05.16"]
[Round "9"]
[White "Daeschler, Florian"]
[Black "Coiffait, Pierre-Basile"]
[Result "1/2-1/2"]
[WhiteTitle "FM"]
[WhiteElo "2322"]
[BlackElo "2261"]
[WhiteFideId "20678193"]
[BlackFideId "20665342"]
[EventDate "2020.05.16"]

1. d4 e6 2. c4 f5 3. g3 Nf6 4. Bg2 Be7 5. Nc3 O-O 6. Nf3 d6 7. O-O Na6 8. Re1
Ne4 9. Nxe4 fxe4 10. Nd2 d5 11. f3 Bf6 12. e3 exf3 13. Nxf3 c5 14. Qc2 Qc7 15.
b3 b6 16. Bb2 Bb7 17. Rad1 Rac8 18. cxd5 exd5 19. dxc5 Qxc5 20. Qxc5 Nxc5 21.
Bxf6 Rxf6 22. Nd4 a6 23. Rf1 Rxf1+ 24. Rxf1 Re8 25. Kf2 a5 26. Rd1 g6 27. Ke2
Kg7 28. Kd2 Rf8 29. Rf1 Rxf1 30. Bxf1 Kf6 31. Bg2 Ke5 32. Nf3+ Kf6 33. Nd4 g5
34. a3 Ke5 35. b4 axb4 36. axb4 Nd7 37. Kc3 Nf6 38. Nf3+ Kf5 39. Kd4 Ne4 40. Ne1
Nf6 41. Nd3 Ke6 42. Bh3+ Kd6 43. Bf5 h6 44. h4 Ne8 45. hxg5 hxg5 46. Ne1 Ng7 47.
Bg4 Bc6 48. Nf3 Bd7 49. Bxd7 Kxd7 50. Nxg5 Nf5+ 51. Kxd5 Nxe3+ 52. Ke5 Nc2 53.
b5 Na3 54. Kf6 Nxb5 55. Ne4 Nc7 56. g4 b5 57. g5 Ne8+ 58. Kf7 b4 59. g6 Kd8 60.
Nc5 Nd6+ 61. Kf8 Ne8 62. Kf7 Nd6+ 63. Kg8 Ke7 64. g7 Ne8 65. Kh8 Nxg7 66. Kxg7
b3 67. Nxb3 1/2-1/2

[Event "ch-FRA Blitz Online Qual"]
[Site "Europe-Chess INT"]
[Date "2020.05.16"]
[Round "9"]
[White "Neau, Julien"]
[Black "Defromont, Benjamin"]
[Result "0-1"]
[BlackTitle "FM"]
[WhiteElo "1916"]
[BlackElo "2236"]
[WhiteFideId "631388"]
[BlackFideId "36068829"]
[EventDate "2020.05.16"]

1. d4 g6 2. c4 Bg7 3. e4 d6 4. Nc3 b6 5. Bd3 Bb7 6. Nge2 Nd7 7. Bc2 e6 8. O-O
Ne7 9. Bg5 h6 10. Be3 a6 11. f4 f5 12. e5 d5 13. cxd5 Nxd5 14. Nxd5 Bxd5 15. Nc3
c6 16. Nxd5 cxd5 17. Rc1 O-O 18. Bd3 b5 19. Qd2 Rc8 20. a4 Qb6 21. axb5 axb5 22.
Qb4 Rxc1 23. Rxc1 Rb8 24. Kf2 Bf8 25. Qb3 b4 26. Be2 Qb7 27. Qc2 Nb6 28. Qc7 Na4
29. Qxb7 Rxb7 30. Ba6 Rb6 31. Bc8 Nxb2 32. Rc7 Nc4 33. Bc1 b3 34. Bd7 b2 35.
Bxb2 Nxb2 36. Rc8 Kf7 37. Be8+ Kg7 38. Bd7 Nc4 39. Rd8 g5 40. Re8 Bb4 41. Bxe6
Bc3 42. Bxd5 Bxd4+ 43. Kf3 g4+ 44. Ke2 Ne3 45. Rg8+ Kh7 46. Re8 Nxd5 47. e6
Nxf4+ 48. Kd2 Rb2+ 49. Kc1 Nd3+ 50. Kd1 Be3 51. e7 Rd2# 0-1

[Event "ch-FRA Blitz Online Qual"]
[Site "Europe-Chess INT"]
[Date "2020.05.16"]
[Round "9"]
[White "Sumarriva Paulin, Laura"]
[Black "Alloui-Cros, Baptiste"]
[Result "0-1"]
[WhiteTitle "WFM"]
[WhiteElo "2023"]
[BlackElo "2139"]
[WhiteFideId "45102635"]
[BlackFideId "20699824"]
[EventDate "2020.05.16"]

1. d4 Nf6 2. c4 e5 3. dxe5 Ng4 4. Nf3 Bc5 5. e3 Nc6 6. Qd5 Qe7 7. Nc3 Ngxe5 8.
Qd1 O-O 9. Be2 a5 10. O-O Nxf3+ 11. Bxf3 Ne5 12. Be2 Ra6 13. Nd5 Qh4 14. Nxc7
Rh6 15. h3 d6 16. e4 Rg6 17. Kh2 Bxf2 18. Nd5 Qg3+ 0-1

[Event "ch-FRA Blitz Online Qual"]
[Site "Europe-Chess INT"]
[Date "2020.05.16"]
[Round "9"]
[White "Cavailles, Evan"]
[Black "Samoun, Florent"]
[Result "1/2-1/2"]
[BlackTitle "FM"]
[WhiteElo "2018"]
[BlackElo "2299"]
[WhiteFideId "36048445"]
[BlackFideId "664995"]
[EventDate "2020.05.16"]

1. e4 g6 2. d4 Nf6 3. Nc3 d6 4. h3 Bg7 5. Nf3 O-O 6. Be2 a6 7. a4 b6 8. O-O Bb7
9. Bd3 Nbd7 10. Re1 e5 11. dxe5 Nxe5 12. Nxe5 dxe5 13. Bg5 h6 14. Bh4 Qc8 15.
Qe2 Nh5 16. Bc4 Nf4 17. Qe3 Kh7 18. Bg3 g5 19. Rad1 c5 20. Nd5 Bxd5 21. Bxd5 Ra7
22. c3 b5 23. axb5 axb5 24. Bxf4 exf4 25. Qd3 c4 26. Qc2 Be5 27. Ra1 Qc7 28.
Reb1 Rd8 29. Qd1 Kg7 30. Rxa7 Qxa7 31. Ra1 Qc5 32. Qh5 Qe7 33. Ra6 Rd6 34. Ra8
Rg6 35. Qg4 Qc7 36. Qh5 Qb6 37. Qg4 Qc7 38. Qh5 b4 39. Rg8+ Kxg8 40. Qxg6+ Bg7
41. Qa6 bxc3 42. bxc3 Bxc3 43. Qxc4 Qxc4 44. Bxc4 Kg7 45. Kf1 Bd4 46. f3 Kf6 47.
Ke2 Bc5 48. Bd5 Ke7 49. Bc4 f6 50. Bd5 Kd6 51. Bc4 Ke5 52. Kd3 Bg1 53. Bb3 Kd6
54. Kc4 Ke5 55. Bc2 Be3 56. Bb3 Bd2 57. Bc2 Ba5 58. Ba4 Bd8 59. Bb3 Be7 60. Bc2
Bd8 61. Bb3 Bb6 62. Bc2 Kd6 63. Bb3 Bf2 64. Ba4 Ke6 65. Bb3 f5 66. exf5+ Kxf5
67. Kd5 Be3 68. Bc2+ Kf6 69. Ke4 Bc1 70. Bb3 Bb2 71. Bc2 Ba3 72. Bb3 Bf8 73. Bc2
Ba3 74. Bb3 Kg6 75. Be6 Kh5 76. Kd3 Kh4 77. Ke2 Kg3 78. Kf1 Bc5 79. Bd5 Bd6 80.
Be6 Bc5 81. Bd5 Kh2 82. Be6 Ba7 83. Bd5 Kg3 84. Be6 Kh4 85. Ke2 h5 86. Kf1 Kg3
87. Bf7 g4 88. Bxh5 gxh3 89. gxh3 Kxh3 1/2-1/2

[Event "ch-FRA Blitz Online Qual"]
[Site "Europe-Chess INT"]
[Date "2020.05.16"]
[Round "9"]
[White "Tomasi, Elise"]
[Black "Testud, Philippe"]
[Result "1-0"]
[WhiteElo "2030"]
[BlackElo "2123"]
[WhiteFideId "26088843"]
[BlackFideId "611409"]
[EventDate "2020.05.16"]

1. d4 Nf6 2. Nf3 e6 3. g3 d5 4. Bg2 b6 5. O-O Bb7 6. c4 Nbd7 7. Qc2 c6 8. Nbd2
Rc8 9. e4 dxe4 10. Nxe4 Be7 11. Rd1 O-O 12. Ne5 Nxe4 13. Bxe4 Nf6 14. Bg2 Qc7
15. Bf4 Bd6 16. b4 Nd7 17. Nxd7 Qxd7 18. Bxd6 Qxd6 19. c5 Qe7 20. Qa4 b5 21. Qc2
Rfd8 22. Rd2 Ra8 23. Rad1 a5 24. a3 axb4 25. axb4 Ra4 26. Qc3 Rda8 27. Re2 Qf6
28. Qd2 g6 29. Re5 Ra2 30. Qe1 Rb2 31. Re2 Raa2 32. Rxb2 Rxb2 33. h4 h5 34. Qe3
Rxb4 35. Qc3 Ra4 36. Be4 Ra2 37. Qe3 Kg7 38. Rf1 Ra4 39. Rd1 Rc4 40. Kg2 b4 41.
Qd3 Rc3 42. Qb1 b3 43. Qb2 Rxc5 44. Qxb3 Rb5 45. Qe3 Rb2 46. Rc1 Ba6 47. Bxc6
Rb4 48. Rd1 Bc4 49. Qc3 Rb3 50. Qxc4 Rb2 51. Rf1 e5 52. dxe5 Qxe5 53. Bd5 Rd2
54. Bxf7 Rd4 55. Qa2 Qe4+ 56. Kh2 Qd3 57. Kg1 Rd7 58. Be6 Re7 59. Bh3 g5 60.
hxg5 h4 61. Qb2+ Kg6 62. Qf6+ Kh5 63. g4# 1-0

[Event "ch-FRA Blitz Online Qual"]
[Site "Europe-Chess INT"]
[Date "2020.05.16"]
[Round "9"]
[White "Soubirou, Oriane"]
[Black "Le Bas, Alexis"]
[Result "1-0"]
[WhiteElo "2144"]
[BlackElo "1889"]
[WhiteFideId "686034"]
[BlackFideId "651087"]
[EventDate "2020.05.16"]

1. e4 d6 2. Nf3 e5 3. d4 exd4 4. Nxd4 Nf6 5. Nc3 Be7 6. g3 O-O 7. Bg2 Nbd7 8.
O-O Nc5 9. Nb3 Bg4 10. Qe1 c6 11. Nxc5 dxc5 12. Be3 Qb6 13. b3 Nd7 14. Na4 Qa6
15. f3 Be6 16. Qf2 b6 17. Rfd1 Ne5 18. Nb2 Rad8 19. Bf1 Rxd1 20. Nxd1 Qb7 21. h3
f5 22. exf5 Bxf5 23. f4 Nf7 24. Nc3 Bf6 25. Qe1 Re8 26. Kf2 Nd6 27. Bg2 Bd4 28.
Rd1 Bxe3+ 29. Kf1 Bd4 30. Qd2 Qd7 31. g4 Bg6 32. Ne2 Qe7 33. c3 Ne4 34. Bxe4
Qxe4 35. cxd4 Qh1+ 36. Ng1 Be4 37. dxc5 bxc5 38. Re1 1-0

[Event "ch-FRA Blitz Online Qual"]
[Site "Europe-Chess INT"]
[Date "2020.05.16"]
[Round "9"]
[White "Bosc, Gabriel"]
[Black "Mathieu, Phileas"]
[Result "0-1"]
[WhiteElo "1994"]
[BlackElo "2214"]
[WhiteFideId "26086743"]
[BlackFideId "36048410"]
[EventDate "2020.05.16"]

1. f4 e5 2. fxe5 d6 3. exd6 Bxd6 4. Nf3 g5 5. g3 g4 6. Nh4 Nc6 7. c3 Nge7 8. e4
Ng6 9. Nf5 Bxf5 10. exf5 Nge5 11. Be2 Qe7 12. d4 Nf3+ 13. Kf1 Qe4 14. Bxf3 gxf3
15. Qe1 Qxe1+ 16. Kxe1 O-O-O 17. Kf2 Rde8 18. Be3 Ne7 19. g4 h5 20. f6 Nd5 21.
Bg5 hxg4 0-1

[Event "ch-FRA Blitz Online Qual"]
[Site "Europe-Chess INT"]
[Date "2020.05.16"]
[Round "9"]
[White "Denjoy, Arnaud"]
[Black "Afraoui, Anaelle"]
[Result "1-0"]
[BlackTitle "WFM"]
[WhiteElo "2166"]
[BlackElo "2120"]
[WhiteFideId "26071185"]
[BlackFideId "20654383"]
[EventDate "2020.05.16"]

1. e4 d6 2. d4 Nf6 3. Nc3 g6 4. f4 Bg7 5. Nf3 O-O 6. Bd3 c5 7. dxc5 dxc5 8. e5
Nd5 9. Nxd5 Qxd5 10. Qe2 Nc6 11. Be4 Qd8 12. c3 Qc7 13. O-O b6 14. Be3 a5 15.
Rfd1 f6 16. exf6 Bxf6 17. Qb5 Bb7 18. f5 Kg7 19. fxg6 hxg6 20. Qd3 Rh8 21. Qd7
Rac8 22. Qxc7 Rxc7 23. Bf4 e5 24. Bg5 Bxg5 25. Nxg5 Re7 26. Rd6 Rc8 27. Rxg6+
Kf8 28. Rf1+ Ke8 29. Rg8+ Kd7 30. Bf5+ Kc7 31. Bxc8 Bxc8 32. Rf7 Rxf7 33. Nxf7
Be6 34. Rg7 Kb8 35. Nxe5 Nxe5 36. Re7 Bxa2 37. Rxe5 Kb7 38. h4 a4 39. h5 b5 40.
h6 Kb6 41. h7 1-0

[Event "ch-FRA Blitz Online Qual"]
[Site "Europe-Chess INT"]
[Date "2020.05.16"]
[Round "9"]
[White "Gerandi, Guillaume"]
[Black "Schweitzer, Adrien"]
[Result "0-1"]
[WhiteElo "1876"]
[BlackElo "2086"]
[WhiteFideId "20648359"]
[BlackFideId "628220"]
[EventDate "2020.05.16"]

1. e4 e5 2. Nf3 Nc6 3. Nc3 f5 4. exf5 Nf6 5. Bb5 e4 6. Ng5 d5 7. Ne6 Bxe6 8.
fxe6 Qd6 9. O-O Qxe6 10. d4 Bd6 11. a4 O-O 12. h3 Ne7 13. Bg5 Ng6 14. Bxf6 Rxf6
15. b3 Raf8 16. Nxd5 Rf5 17. Ne3 Kh8 18. Nxf5 Qxf5 19. Qg4 Qf6 20. c3 c6 21. Be2
Nf4 22. Bc4 h5 23. Qd7 Rd8 24. Qxb7 Nxh3+ 25. Kh1 Qh4 26. g3 Nxf2+ 27. Kg2 Bxg3
28. Qf7 Qh2# 0-1

[Event "ch-FRA Blitz Online Qual"]
[Site "Europe-Chess INT"]
[Date "2020.05.16"]
[Round "9"]
[White "Leccia, Antoine"]
[Black "Ribiere, Damien"]
[Result "0-1"]
[WhiteElo "1950"]
[BlackElo "2083"]
[WhiteFideId "36087262"]
[BlackFideId "26041634"]
[EventDate "2020.05.16"]

1. d4 Nf6 2. Nf3 g6 3. Nbd2 Bg7 4. e4 d6 5. Bb5+ Nc6 6. Bd3 O-O 7. O-O e5 8. c3
a5 9. Re1 Nh5 10. dxe5 dxe5 11. Nf1 Qe7 12. Be3 Nf4 13. Bc4 Be6 14. Bxe6 Qxe6
15. Ng3 a4 16. Qc2 Qc4 17. b3 Qa6 18. Rad1 axb3 19. axb3 Qa2 20. Qxa2 Rxa2 21.
Rd7 Ne6 22. Rc1 Rfa8 23. Rdd1 Rb2 24. b4 Raa2 25. Ra1 h6 26. h3 Rc2 27. Rxa2
Rxa2 28. Rd2 Ra3 29. Rc2 Na7 30. Nd2 Nb5 31. Ne2 Ra1+ 32. Kh2 Nd6 33. Ng3 f5 34.
exf5 gxf5 35. Ne2 f4 36. Bc5 Nf5 37. f3 Bf6 38. Ne4 Bh4 39. Bf2 Bxf2 40. Nxf2
Ne3 41. Rb2 Nf1+ 42. Kg1 Ng3+ 43. Kh2 Nf5 44. Ng4 Kg7 45. Nxe5 Ne3 46. Ng4 Nf1+
47. Kg1 Ng3+ 48. Kh2 Rh1# 0-1